| 000 | 00685nam a2200205Ia 4500 | ||
|---|---|---|---|
| 001 | 17000 | ||
| 003 | GE_BSU | ||
| 008 | 181216s||||||||xx |||||||||||||| ||und|| | ||
| 040 | _cGE_BSU | ||
| 080 | _a82-93:821.21-3 + 82-93:821.21-34 | ||
| 100 | _aჩანდრი, კრიშან | ||
| 245 | _aდაყირავებული ხე | ||
| 245 | _bმოთხრობა-ზღაპარი | ||
| 245 | _cთარგმნ. მ. კიკნაძემ. რედ. ა საყვარელიძე | ||
| 260 | _aთბილისი | ||
| 260 | _bსაბლიტგამი | ||
| 260 | _c1959 | ||
| 300 | _a120გვ. : ილ. ; 22სმ. | ||
| 942 | _cBK | ||
| 999 |
_c50062 _d50062 |
||